| 000 | 00410nam a2200169Ia 4500 | ||
|---|---|---|---|
| 008 | 241115s9999 xx 000 0 und d | ||
| 020 | _aNA | ||
| 082 | _a515.15 YUS | ||
| 100 | _aYusuf, S.M. | ||
| 245 | 0 | _aCalculus with Analytic Geometry | |
| 250 | _a.NA | ||
| 260 |
_aLahore: _bILMI Kitab, _c2007 |
||
| 300 | _ax,529p. | ||
| 600 | _aHumanities & Natural Science | ||
| 650 | _aMathematics | ||
| 942 | _cBBD | ||
| 999 |
_c26120 _d26120 |
||